000 00686aas a2200217 4500
999 _c3044
_d3044
003 BR-BrBNA
005 20230317233703.0
007 ta
008 230119b bl ||||| |||| 00| 0 por d
035 _a000485-5
040 _aBR-BrBNA
_bPor
_cBR-BrBNA
042 _aN
044 _abl
245 _aInformativo da Pesquisa - Organização das Cooperativas do Estado do Paraná (Brazil)
260 _aCascavel-PR
_bOrganização das Cooperativas do Estado do Paraná
_c1980. Data final de publicação em 1983
_eBPR
270 _aCaixa Postal 1203 - 85800-000
310 _airregular
505 _a1980 (1-3); 1981 (1-4); 1982 (1-2); 1983 (1);
909 _a56
_bSergio Santos
_c56
_dSergio Santos
942 _cCR
_2AGRIS